Identify the Bond film from the Ship - Statistics

General Stats
  • This quiz has been taken 11 times
  • The average score is 11 of 20
Answer Stats
Hint Film % Correct
Disco Volante Thunderball
90%
HMS Devonshire Tomorrow Never Dies
80%
SS Wavekrest Licence To Kill
70%
Nuclear Ballistic Missile Submarine HMS Ranger The Spy Who Loved Me
70%
Oil Supertanker MT Liparus The Spy Who Loved Me
70%
Nuclear Ballistic Missile Submarine Potemkin The Spy Who Loved Me
70%
St George’s For Your Eyes Only
60%
Ocean Liner RMS Queen Elizabeth The Man With The Golden Gun
60%
SR.N4 Hovercraft Ferry Princess Margaret Diamonds Are Forever
50%
SS Canberra Diamonds Are Forever
50%
Manticore yacht Goldeneye
50%
Chimera Skyfall
50%
Unidentified Russian Victor III class submarine The World Is Not Enough
50%
HMS Chester Tomorrow Never Dies
50%
HMS Bedford Tomorrow Never Dies
50%
Freighter Ship MV Ning Po You Only Live Twice
50%
French La Fayette-class frigate Goldeneye
40%
Hydrofoil Ferry Flying Sandpiper The Man With The Golden Gun
30%
SS Colombina For Your Eyes Only
10%
Luxury Yacht Delos From Russia With Love
0%
No matching quizzes found
Score Distribution
Percent of People with Each Score
Percentile by Number Answered
Your Score History
You have not taken this quiz